Contribución a la historia de las teorías métricas en los siglos XVIII y XIX / (Record no. 5233)
[ view plain ]
| 000 -CABECERA | |
|---|---|
| campo de control de longitud fija | 00906nam a2200253 a 4500 |
| 001 - NÚMERO DE CONTROL | |
| campo de control | 000005433 |
| 005 - FECHA Y HORA DE LA ÚLTIMA TRANSACCIÓN | |
| campo de control | 20200929151658.0 |
| 008 - DATOS DE LONGITUD FIJA--INFORMACIÓN GENERAL | |
| campo de control de longitud fija | 090819s1975 es 001 0 spa d |
| 020 ## - NÚMERO INTERNACIONAL ESTÁNDAR DEL LIBRO | |
| Número Internacional Estándar del Libro | 8400041038 |
| 040 ## - FUENTE DE LA CATALOGACIÓN | |
| Centro catalogador/agencia de origen | DO-SdBNP |
| 082 ## - NÚMERO DE LA CLASIFICACIÓN DECIMAL DEWEY | |
| Número de clasificación | 808.06 |
| Número de documento/Ítem | D671c |
| 049 ## - FONDOS LOCALES (OCLC) | |
| Fondos de biblioteca | BNPD |
| 100 1# - ENTRADA PRINCIPAL--NOMBRE DE PERSONA | |
| Nombre de persona | Domínguez Caparrós, José |
| 9 (RLIN) | 15434 |
| 245 10 - MENCIÓN DE TÍTULO | |
| Título | Contribución a la historia de las teorías métricas en los siglos XVIII y XIX / |
| Mención de responsabilidad, etc. | José Domínguez Caparrós. |
| 260 ## - PUBLICACIÓN, DISTRIBUCIÓN, ETC. | |
| Lugar de publicación, distribución, etc. | Madrid : |
| Nombre del editor, distribuidor, etc. | Consejo Superior de Investigaciones Científicas, |
| Fecha de publicación, distribución, etc. | 1975. |
| 300 ## - DESCRIPCIÓN FÍSICA | |
| Extensión | 544 p. : |
| Otras características físicas | 25 cm. |
| 500 ## - NOTA GENERAL | |
| Nota general | Incluye tabla de contenidos |
| 500 ## - NOTA GENERAL | |
| Nota general | Incluye datos biográficos |
| 500 ## - NOTA GENERAL | |
| Nota general | Incluye referencia bibliográficas |
| 650 #4 - PUNTO DE ACCESO ADICIONAL DE MATERIA--TÉRMINO DE MATERIA | |
| Término de materia o nombre geográfico como elemento de entrada | Versificación |
| Subdivisión general | Arte de escribir |
| 9 (RLIN) | 15435 |
| 650 #4 - PUNTO DE ACCESO ADICIONAL DE MATERIA--TÉRMINO DE MATERIA | |
| Término de materia o nombre geográfico como elemento de entrada | Lengua española |
| Subdivisión cronológica | SIGLO XVIII |
| 9 (RLIN) | 15436 |
| 650 #4 - PUNTO DE ACCESO ADICIONAL DE MATERIA--TÉRMINO DE MATERIA | |
| Término de materia o nombre geográfico como elemento de entrada | Lengua española |
| Subdivisión cronológica | SIGLO XIX |
| 9 (RLIN) | 15437 |
| 650 #4 - PUNTO DE ACCESO ADICIONAL DE MATERIA--TÉRMINO DE MATERIA | |
| Término de materia o nombre geográfico como elemento de entrada | Lenguaje y lengua |
| Subdivisión general | Ortografía |
| 9 (RLIN) | 15438 |
| Estado de retiro | Estado de pérdida | Restricciones de uso | No para préstamo | Código de colección | Localización permanente | Ubicación/localización actual | Ubicación en estantería | Fecha de adquisición | Número de inventario | Total de préstamos | Signatura topográfica completa | Código de barras | Fecha visto por última vez | Precio válido a partir de | Tipo de ítem Koha |
|---|---|---|---|---|---|---|---|---|---|---|---|---|---|---|---|
| Monografías: Libros y Folletos | General | General | En catalogación | 19.08.2009 | LF1 | 808.06 D671c | 5433-10 | 25.06.2020 | 25.06.2020 | Préstamo en sala |
